| 000 | 01500nam a2200373 a 4500 | ||
|---|---|---|---|
| 001 | ebr10022327 | ||
| 003 | CaPaEBR | ||
| 006 | m u | ||
| 007 | cr cn||||||||| | ||
| 008 | 011011s2002 ne sb 001 0 eng | ||
| 010 | _z 2001052579 | ||
| 020 | _z1588111024 (U.S. : alk. paper) | ||
| 040 |
_aCaPaEBR _cCaPaEBR |
||
| 035 | _a(OCoLC)70769030 | ||
| 041 | 0 |
_aeng _ager |
|
| 050 | 1 | 4 |
_aPD101 _b.I84 2002eb |
| 082 | 0 | 4 |
_a430/.045 _221 |
| 245 | 0 | 0 |
_aIssues in formal German(ic) typology _h[electronic resource] / _cedited by Werner Abraham, C. Jan-Wouter Zwart. |
| 246 | 3 | _aIssues in formal Germanic typology | |
| 246 | 3 | _aIssues in formal German typology | |
| 260 |
_aAmsterdam ; _aPhiladelphia : _bJ. Benjamins, _cc2002. |
||
| 300 | _axvii, 334 p. | ||
| 490 | 1 |
_aLinguistics today, _x0166-0829 ; _vv. 45 = _aLinguistik aktuell |
|
| 504 | _aIncludes bibliographical references and index. | ||
| 533 |
_aElectronic reproduction. _bPalo Alto, Calif. : _cebrary, _d2013. _nAvailable via World Wide Web. _nAccess may be limited to ebrary affiliated libraries. |
||
| 546 | _aChiefly in English; includes one paper in German. | ||
| 650 | 0 |
_aGermanic languages _xGrammar. |
|
| 655 | 7 |
_aElectronic books. _2local |
|
| 700 | 1 | _aAbraham, Werner. | |
| 700 | 1 | _aZwart, C. Jan-Wouter. | |
| 710 | 2 | _aebrary, Inc. | |
| 830 | 0 |
_aLinguistik aktuell ; _vBd. 45. |
|
| 856 | 4 | 0 |
_uhttp://site.ebrary.com/lib/rucke/Doc?id=10022327 _zAn electronic book accessible through the World Wide Web; click to view |
| 999 |
_c9750 _d9750 |
||